000 00378nam a22001457a 4500
008 250303b |||||||| |||| 00| 0 eng d
020 _a9780323608695
050 _aR728.8
_b.N54
100 _aNiedzwiecki Brigitte
245 _aThe Medical Assistant;An Applied Learning Approach
250 _a14th
260 _aMissouri
_bElsevie INC
_c2020
300 _axv,1135p
942 _cBK
999 _c2032
_d2032